| 000 | 00590nam a2200181 a 4500 | ||
|---|---|---|---|
| 005 | 20140412111238.0 | ||
| 008 | 010710s19uu xx 00 eng d | ||
| 020 | _a0-590-29071-1 | ||
| 050 |
_aTR(PS E _bFl65 1986 |
||
| 100 | _aMcKissack, Patricia | ||
| 245 |
_aFlossie and the fox / _cPatricia C. McKissack; pictures by Rachel Isadora. |
||
| 260 |
_aNew York : _bScholastic Inc, _c1986. |
||
| 300 | _a32p. ; ill. | ||
| 520 | _aCan feisty Flossie Finley outfox a fox, especially is she's never seen one before? | ||
| 650 | _aFoxes-Stories | ||
| 650 | _aFoxes-Fiction | ||
| 999 |
_c102582 _d102582 |
||